| 000 | 00616nam a2200217Ia 4500 | ||
|---|---|---|---|
| 003 | OSt | ||
| 005 | 20251105175105.0 | ||
| 008 | 210423s2010 xx 000 0 und d | ||
| 020 | _a978-0-19-954749-4 | ||
| 040 | _cAL | ||
| 041 | _aEnglish | ||
| 082 |
_a362.19892 _bUNGE |
||
| 100 |
_aWendy J Ungar _982416 |
||
| 245 | _aEconomic evaluation in child health | ||
| 260 |
_aOxford _bOxford University Press _c2010 |
||
| 300 |
_axxii,314p. _bPB _c23x15.5cm. |
||
| 365 |
_b4564.5 _cGBP |
||
| 650 |
_aSocial Welfare Problems & Services _982417 |
||
| 906 | _achild ; Economic ; evaluation ; health | ||
| 942 |
_2ddc _cBK |
||
| 999 |
_c169064 _d169064 |
||